000 00943nam a2200253Ia 4500
003 OSt
005 20220923211211.0
006 a|||||r|||| 00| 0
007 ta
008 220922b |||||||| |||| 00| 0 hin d
020 _a9788123768984 (pbk)
_c170
024 _a280,754
037 _b807, 09/03/2014, H.K. Prakashan
_cTextual
040 _aARTS
_cARTS
_bhin
041 _2hin
_ahin
082 _aO152,3N44x, 153Q3
100 _aਜੈਤੋ, ਮਹਿੰਦਰ ਬੇਦੀ, ੳਗ.
_9159528
245 0 _aਸੂਰਯਬਾਲਾ ਦੀਆਂ ਚੋਣਵੀਆਂ ਕਹਾਣੀਆਂ
260 _aਦਿੱਲੀ
_b ਨੈFਨਲ ਬੁਕ ਟਰੱਸਟ
_c2013
300 _a230ਪੰ
_ccm.
650 _aਹਿੰਦੀ ਸਾਹਿਤ
_9159529
942 _hO152,3N44x, 153Q3
_cTEXL
_2CC
999 _c296746
_d296746